00880nam a22002057a 4500999001900000005001700019010001300036020002600049035001100075037001300086082001000099100004800109245010500157246007700262260005200339270009200391300002300483942003000506952013800536 c176377d17637720201230151711.0 aUR-10967 c300.00a9789389733419 aU-9522 bDBAD/PUB a840.8 aمر تبہ؛کا مر ا ن غنی صبا  aمنصو ر خو شتر: صبح کا ا ستعا ر ہ cمر تبہ؛کا مر ا ن غنی صبا  bMansoor Khushtar:Nai Subha Ka Istara (Urdu)aEdited by Kamran Ghani Saba aN.Delhi bEducational Publishing Housec2019 ء aH.O.D1/16,Ansari Road,Darya ganj,bN.Delhie110002k45678285,23216162l0091-11-23211540 a288 ص c22 Cm(Hb) 2ddccURh840.8mص ب ا  001040708NFICaDBADbDBADd2020-12-16eDBAD/PUBg300.00l0o840.8 ص ب اpU-9522r2020-12-16 00:00:00t1v300.00w2020-12-16yUR